header

Christianity made in Japan (Record no. 11730)

MARC details
000 -LEADER
fixed length control field 01404nam a2200349 a 4500
082 04 - DEWEY DECIMAL CLASSIFICATION NUMBER
Classification number 275.2
100 1# - MAIN ENTRY--AUTHOR NAME
Personal name Mullins, Mark.
245 10 - TITLE STATEMENT
Title Christianity made in Japan
260 ## - PUBLICATION, DISTRIBUTION, ETC. (IMPRINT)
Place of publication Honolulu :
Name of publisher University of Hawai'i Press,
Year of publication c1998.
300 ## - PHYSICAL DESCRIPTION
Number of Pages x, 277 p. :
Other physical details ill.
490 1# - SERIES STATEMENT
Series statement Nanzan library of Asian religion and culture
650 #0 - SUBJECT ADDED ENTRY--TOPICAL TERM
Topical Term Christian sects
Topical Term Christianity and culture
856 40 - ELECTRONIC LOCATION AND ACCESS
Uniform Resource Identifier http://site.ebrary.com/lib/rucke/Doc?id=10015593

No items available.

© 2026 Rongo University
Contact us: librarian | system librarian | Rongo university